Regionálna konvergencia EÚ z pohľadu teórie a empírie

Teoretický pohľad na regionálnu konvergenciu. Hlavné faktory konvergencie/divergencie podľa hlavných teórií. Metodický pohľad na regionálnu konvergenciu. Beta konvergencia, sigma konvergencia a konvergenčné kluby. Empirický pohľad na regionálnu konvergenciu Európskej únie.

Na minha lista:
Detalhes bibliográficos
Autor principal: Kováč Gerulová, Lukrécia, 1978-
Outros Autores: Kováč, Urban, Buček, Milan
Formato: Capítulo de Livro
Idioma:eslovaco
Assuntos:
Tags: Adicionar Tag
Sem tags, seja o primeiro a adicionar uma tag!

MARC

LEADER 00000nla$a2200000$$$4500
001 0118239
005 20240502083309.0
041 0 |a slo 
044 |a CZ 
245 1 0 |a Regionálna konvergencia EÚ z pohľadu teórie a empírie  |c Lukrécia Kováč Gerulová, Urban Kováč, Milan Buček 
520 |a Teoretický pohľad na regionálnu konvergenciu. Hlavné faktory konvergencie/divergencie podľa hlavných teórií. Metodický pohľad na regionálnu konvergenciu. Beta konvergencia, sigma konvergencia a konvergenčné kluby. Empirický pohľad na regionálnu konvergenciu Európskej únie. 
610 2 0 |a konvergencia 
610 2 0 |a vývoj hospodársky 
610 2 0 |a regióny 
610 2 0 |a rozvoj regionálny 
610 2 0 |a teórie ekonomické 
610 2 0 |a Európska únia 
100 1 |a Kováč Gerulová, Lukrécia, 1978- 
700 1 |a Kováč, Urban 
700 1 |a Buček, Milan